| 000 -LEADER |
| fixed length control field |
00675cam a2200229 a 4500 |
| 005 - DATE AND TIME OF LATEST TRANSACTION |
| control field |
20131114081812.0 |
| 008 - FIXED-LENGTH DATA ELEMENTS--GENERAL INFORMATION |
| fixed length control field |
050607s2005 mnua 001 0 eng |
| 020 ## - INTERNATIONAL STANDARD BOOK NUMBER |
| International Standard Book Number |
0314160396 |
| 041 0# - LANGUAGE CODE |
| Language code of text/sound track or separate title |
eng |
| 080 ## - UNIVERSAL DECIMAL CLASSIFICATION NUMBER |
| Universal Decimal Classification number |
34 |
| Common auxiliary subdivision |
(4) |
| 100 1# - Rafti |
| Rafti |
Folsom, Ralph Haughwout. |
| 245 10 - TITLE STATEMENT |
| Title |
European Union law in a nutshell / |
| Statement of responsibility, etc |
by Ralph H. Folsom. |
| 250 ## - |
| -- |
5th ed. |
| 260 ## - |
| -- |
St. Paul, MN : |
| -- |
Thomson/West, |
| -- |
c2005. |
| 300 ## - |
| -- |
xxi, 385 p. : |
| -- |
ill. ; |
| -- |
19 cm. |
| 490 1# - |
| -- |
West nutshell series |
| 500 ## - |
| -- |
Preface to the fifth edition : f. III-IV |
| 500 ## - |
| -- |
Includes index. |
| 650 #0 - |
| -- |
Ligji |
| -- |
Vendet e Unionit Europian |
| 830 #0 - |
| -- |
Nutshell series. |
| 942 ## - ADDED ENTRY ELEMENTS (KOHA) |
| Source of classification or shelving scheme |
|
| Item type |
Books |